[Event "Blitz 2018"]
[Site "Saint-Petersburg"]
[Date "2018.12.29"]
[Round "5"]
[Board "55"]
[White "Ghaem Maghami Ehsan (IRI)"]
[Black "Potkin Vladimir (RUS)"]
[Result "1-0"]
[LiveChessVersion "1.4.8"]
[BlackElo "2494"]
[WhiteElo "2582"]

1. c4 {[%clk 0:03:03]} e6 {[%clk 0:03:03]} 2. Nf3 {[%clk 0:03:03]} d5
{[%clk 0:03:04]} 3. g3 {[%clk 0:03:03]} Nf6 {[%clk 0:03:05]} 4. Bg2
{[%clk 0:03:03]} dxc4 {[%clk 0:03:06]} 5. Qa4+ {[%clk 0:02:57]} c6
{[%clk 0:03:07]} 6. Qxc4 {[%clk 0:02:58]} b5 {[%clk 0:03:07]} 7. Qb3
{[%clk 0:02:58]} Bb7 {[%clk 0:03:08]} 8. O-O {[%clk 0:02:58]} a6 {[%clk 0:03:08]}
9. d4 {[%clk 0:02:52]} c5 {[%clk 0:03:03]} 10. dxc5 {[%clk 0:02:40]} Bxc5
{[%clk 0:03:01]} 11. Nc3 {[%clk 0:02:35]} O-O {[%clk 0:02:53]} 12. Bg5
{[%clk 0:02:07]} Nbd7 {[%clk 0:02:53]} 13. Nd2 {[%clk 0:01:41]} Bxg2
{[%clk 0:02:52]} 14. Kxg2 {[%clk 0:01:42]} Qb6 {[%clk 0:02:47]} 15. Nce4
{[%clk 0:01:28]} Be7 {[%clk 0:02:39]} 16. Rfd1 {[%clk 0:01:17]} Rac8
{[%clk 0:02:32]} 17. Nxf6+ {[%clk 0:01:11]} Bxf6 {[%clk 0:02:25]} 18. Be3
{[%clk 0:00:43]} Qc6+ {[%clk 0:02:03]} 19. f3 {[%clk 0:00:42]} Ne5
{[%clk 0:01:10]} 20. Rac1 {[%clk 0:00:25]} Nc4 {[%clk 0:01:04]} 21. Nxc4
{[%clk 0:00:25]} bxc4 {[%clk 0:01:05]} 22. Qc2 {[%clk 0:00:25]} h6
{[%clk 0:00:20]} 23. Bd4 {[%clk 0:00:26]} Bxd4 {[%clk 0:00:21]} 24. Rxd4 Qb6 25.
Qc3 {[%clk 0:00:16]} Rb8 {[%clk 0:00:14]} 26. Rc2 {[%clk 0:00:12]} Rfd8
{[%clk 0:00:10]} 27. Rxd8+ {[%clk 0:00:05]} Rxd8 {[%clk 0:00:11]} 28. Qxc4
{[%clk 0:00:05]} Rd1 {[%clk 0:00:10]} 29. Qc8+ {[%clk 0:00:05]} Kh7
{[%clk 0:00:11]} 30. Qc5 {[%clk 0:00:06]} Qxc5 {[%clk 0:00:11]} 31. Rxc5
{[%clk 0:00:08]} Rd2 {[%clk 0:00:12]} 32. Kf2 {[%clk 0:00:08]} Rxb2
{[%clk 0:00:13]} 33. Ra5 {[%clk 0:00:09]} Rb6 {[%clk 0:00:14]} 34. h4
{[%clk 0:00:10]} g6 {[%clk 0:00:13]} 35. g4 {[%clk 0:00:10]} Kg7 {[%clk 0:00:14]}
36. h5 {[%clk 0:00:11]} g5 {[%clk 0:00:13]} 37. Ke3 {[%clk 0:00:12]} Kf6
{[%clk 0:00:13]} 38. Kd3 {[%clk 0:00:10]} Ke7 {[%clk 0:00:14]} 39. e3
{[%clk 0:00:10]} Kd6 {[%clk 0:00:14]} 40. f4 {[%clk 0:00:10]} f6 {[%clk 0:00:14]}
41. Ke4 {[%clk 0:00:10]} Rb4+ {[%clk 0:00:14]} 42. Kf3 {[%clk 0:00:11]} Rb6
{[%clk 0:00:15]} 43. a3 {[%clk 0:00:10]} Ke7 {[%clk 0:00:14]} 44. Ke4
{[%clk 0:00:11]} Kd6 {[%clk 0:00:15]} 45. Kf3 {[%clk 0:00:09]} Rc6
{[%clk 0:00:16]} 46. Ra4 {[%clk 0:00:09]} Ke7 {[%clk 0:00:14]} 47. Ke4
{[%clk 0:00:09]} Kd6 {[%clk 0:00:16]} 48. Kd4 {[%clk 0:00:09]} Rb6
{[%clk 0:00:16]} 49. fxg5 {[%clk 0:00:08]} fxg5 {[%clk 0:00:16]} 50. e4
{[%clk 0:00:09]} Rc6 {[%clk 0:00:06]} 51. e5+ {[%clk 0:00:09]} Kd7
{[%clk 0:00:07]} 52. Rb4 {[%clk 0:00:10]} Kc7 {[%clk 0:00:05]} 53. Rb3
{[%clk 0:00:10]} Rc1 {[%clk 0:00:04]} 54. Rf3 {[%clk 0:00:10]} Rg1
{[%clk 0:00:04]} 55. Rf6 {[%clk 0:00:09]} Rxg4+ 56. Kc5 Kd7 {[%clk 0:00:04]} 57.
Rf7+ {[%clk 0:00:12]} Ke8 {[%clk 0:00:05]} 58. Rh7 {[%clk 0:00:13]} Ra4 59. Kd6
{[%clk 0:00:14]} Rxa3 {[%clk 0:00:04]} 60. Kxe6 Kf8 61. Rxh6 {[%clk 0:00:15]} g4
{[%clk 0:00:07]} 62. Rg6 {[%clk 0:00:15]} Rh3 {[%clk 0:00:08]} 63. h6
{[%clk 0:00:15]} g3 {[%clk 0:00:09]} 64. Kd7 {[%clk 0:00:15]} g2 {[%clk 0:00:10]}
65. Rxg2 {[%clk 0:00:13]} Rxh6 {[%clk 0:00:11]} 66. e6 {[%clk 0:00:14]} Rh7+
{[%clk 0:00:11]} 67. Kd8 {[%clk 0:00:14]} Rb7 {[%clk 0:00:03]} 68. Rf2+
{[%clk 0:00:15]} Kg7 {[%clk 0:00:05]} 69. e7 {[%clk 0:00:13]} Rb8+
{[%clk 0:00:06]} 70. Kd7 Rb7+ 71. Ke6 {[%clk 0:00:11]} Rb8 {[%clk 0:00:09]} 72.
Rf7+ {[%clk 0:00:10]} Kg8 {[%clk 0:00:09]} 73. Rf5 {[%clk 0:00:11]} Kg7
{[%clk 0:00:10]} 74. Rg5+ {[%clk 0:00:12]} Kh6 {[%clk 0:00:10]} 75. Rg2
{[%clk 0:00:12]} a5 {[%clk 0:00:04]} 76. Kf7 1-0

[Event "Blitz 2018"]
[Site "Saint-Petersburg"]
[Date "2018.12.29"]
[Round "5"]
[Board "56"]
[White "Najer Evgeniy (RUS)"]
[Black "Sanal Vahap (TUR)"]
[Result "0-1"]
[LiveChessVersion "1.4.8"]
[BlackElo "2488"]
[WhiteElo "2573"]

1. e4 {[%clk 0:03:03]} e5 {[%clk 0:03:03]} 2. Nf3 {[%clk 0:03:04]} Nc6
{[%clk 0:03:04]} 3. Bc4 {[%clk 0:03:06]} Bc5 {[%clk 0:03:05]} 4. d3
{[%clk 0:03:07]} Nf6 {[%clk 0:03:06]} 5. O-O {[%clk 0:03:08]} O-O
{[%clk 0:03:06]} 6. Bg5 {[%clk 0:03:09]} h6 {[%clk 0:03:03]} 7. Bh4
{[%clk 0:03:10]} Be7 {[%clk 0:03:04]} 8. Bg3 {[%clk 0:03:11]} d6 9. a4 Nh5
{[%clk 0:02:58]} 10. Nxe5 {[%clk 0:03:04]} Nxg3 {[%clk 0:02:53]} 11. Nxc6
{[%clk 0:03:04]} bxc6 {[%clk 0:02:53]} 12. hxg3 {[%clk 0:03:04]} Rb8
{[%clk 0:02:49]} 13. Qc1 {[%clk 0:02:09]} Bg5 {[%clk 0:02:33]} 14. f4
{[%clk 0:02:06]} Bf6 {[%clk 0:02:34]} 15. c3 {[%clk 0:01:54]} d5 {[%clk 0:02:35]}
16. Ba2 {[%clk 0:01:54]} Ba6 {[%clk 0:02:10]} 17. Rd1 {[%clk 0:01:49]} Qd7
{[%clk 0:01:39]} 18. e5 {[%clk 0:01:00]} Be7 {[%clk 0:01:40]} 19. Rd2
{[%clk 0:00:38]} f6 {[%clk 0:01:21]} 20. exf6 {[%clk 0:00:27]} Rxf6
{[%clk 0:01:20]} 21. Na3 {[%clk 0:00:21]} Qg4 {[%clk 0:01:13]} 22. Qe1
{[%clk 0:00:16]} Bd6 {[%clk 0:01:03]} 23. Nc2 {[%clk 0:00:10]} Rg6
{[%clk 0:00:49]} 24. Ne3 {[%clk 0:00:10]} Qxg3 {[%clk 0:00:47]} 25. Qxg3
{[%clk 0:00:10]} Rxg3 {[%clk 0:00:48]} 26. Nf5 {[%clk 0:00:09]} Rxd3
{[%clk 0:00:47]} 27. Rxd3 {[%clk 0:00:09]} Bxd3 {[%clk 0:00:48]} 28. Nxd6
{[%clk 0:00:07]} cxd6 {[%clk 0:00:49]} 29. b4 {[%clk 0:00:08]} a6
{[%clk 0:00:33]} 30. Rd1 {[%clk 0:00:08]} Be4 {[%clk 0:00:29]} 31. Kf2
{[%clk 0:00:09]} Kf7 {[%clk 0:00:29]} 32. g3 {[%clk 0:00:09]} Ke6
{[%clk 0:00:30]} 33. Bb1 {[%clk 0:00:06]} a5 {[%clk 0:00:28]} 34. Bxe4
{[%clk 0:00:03]} dxe4 {[%clk 0:00:30]} 35. bxa5 {[%clk 0:00:03]} Ra8
{[%clk 0:00:30]} 36. Ke3 {[%clk 0:00:04]} d5 {[%clk 0:00:31]} 37. Rb1
{[%clk 0:00:04]} Rxa5 {[%clk 0:00:30]} 38. Ra1 {[%clk 0:00:04]} h5
{[%clk 0:00:27]} 39. c4 {[%clk 0:00:04]} g6 {[%clk 0:00:20]} 40. cxd5+
{[%clk 0:00:05]} cxd5 {[%clk 0:00:21]} 41. Kd4 {[%clk 0:00:05]} Kd6
{[%clk 0:00:21]} 42. Ra2 {[%clk 0:00:03]} Rc5 {[%clk 0:00:17]} 43. a5
{[%clk 0:00:03]} Rc4+ {[%clk 0:00:17]} 44. Ke3 {[%clk 0:00:05]} Rc3+
{[%clk 0:00:15]} 45. Ke2 {[%clk 0:00:04]} Rxg3 46. Ra4 Kc7 {[%clk 0:00:12]} 47.
a6 {[%clk 0:00:07]} Kb8 {[%clk 0:00:13]} 48. a7+ {[%clk 0:00:04]} Ka8
{[%clk 0:00:14]} 49. Ra6 {[%clk 0:00:04]} d4 {[%clk 0:00:14]} 50. Re6
{[%clk 0:00:04]} Re3+ {[%clk 0:00:12]} 51. Kf2 {[%clk 0:00:05]} Rf3+
{[%clk 0:00:13]} 52. Ke2 {[%clk 0:00:05]} d3+ {[%clk 0:00:14]} 53. Kd2
{[%clk 0:00:06]} Rf2+ {[%clk 0:00:15]} 54. Kd1 {[%clk 0:00:06]} Rxf4
{[%clk 0:00:10]} 55. Kd2 {[%clk 0:00:06]} Rg4 {[%clk 0:00:09]} 56. Re7
{[%clk 0:00:06]} h4 {[%clk 0:00:10]} 57. Rh7 {[%clk 0:00:05]} Rg2+
{[%clk 0:00:08]} 58. Kc3 {[%clk 0:00:03]} Rc2+ {[%clk 0:00:09]} 59. Kb3
{[%clk 0:00:05]} e3 {[%clk 0:00:10]} 0-1

[Event "Blitz 2018"]
[Site "Saint-Petersburg"]
[Date "2018.12.29"]
[Round "5"]
[Board "57"]
[White "Khanin Semen (RUS)"]
[Black "Predke Alexandr (RUS)"]
[Result "1-0"]
[LiveChessVersion "1.4.8"]
[BlackElo "2482"]
[WhiteElo "2564"]

1. e4 {[%clk 0:03:03]} c5 {[%clk 0:03:03]} 2. Nf3 {[%clk 0:03:04]} Nf6
{[%clk 0:03:03]} 3. e5 {[%clk 0:03:01]} Nd5 {[%clk 0:03:04]} 4. Nc3
{[%clk 0:03:02]} Nxc3 {[%clk 0:03:05]} 5. dxc3 {[%clk 0:03:03]} Nc6
{[%clk 0:03:06]} 6. Bf4 {[%clk 0:03:03]} e6 {[%clk 0:03:07]} 7. Qd2
{[%clk 0:03:04]} h6 {[%clk 0:03:08]} 8. h4 {[%clk 0:03:04]} a6 {[%clk 0:03:09]}
9. c4 {[%clk 0:02:58]} Rb8 {[%clk 0:03:10]} 10. a4 {[%clk 0:02:57]} Qa5
{[%clk 0:03:11]} 11. Bd3 {[%clk 0:02:45]} Qxd2+ {[%clk 0:02:58]} 12. Nxd2
{[%clk 0:02:46]} b6 {[%clk 0:02:58]} 13. Ne4 {[%clk 0:02:45]} Bb7
{[%clk 0:02:58]} 14. c3 {[%clk 0:02:40]} Na5 {[%clk 0:02:44]} 15. Nd6+
{[%clk 0:02:05]} Bxd6 {[%clk 0:02:39]} 16. exd6 {[%clk 0:02:05]} f6
{[%clk 0:02:20]} 17. b4 {[%clk 0:02:03]} Nc6 {[%clk 0:02:09]} 18. Bg6+
{[%clk 0:01:53]} Kd8 {[%clk 0:02:01]} 19. Rb1 {[%clk 0:01:50]} Kc8
{[%clk 0:01:51]} 20. O-O {[%clk 0:01:45]} a5 {[%clk 0:01:27]} 21. bxc5
{[%clk 0:01:42]} bxc5 {[%clk 0:01:28]} 22. Rb5 {[%clk 0:01:41]} Ba6
{[%clk 0:01:27]} 23. Rxc5 {[%clk 0:01:42]} Rb3 {[%clk 0:01:13]} 24. Be4
{[%clk 0:01:36]} Kb7 {[%clk 0:01:08]} 25. Rd1 {[%clk 0:01:25]} Rxc3
{[%clk 0:00:31]} 26. Rb1+ {[%clk 0:01:24]} Ka7 {[%clk 0:00:23]} 27. Bxc6
{[%clk 0:01:24]} dxc6 {[%clk 0:00:24]} 28. Rxc6 {[%clk 0:01:25]} Bxc4
{[%clk 0:00:04]} 29. Be3+ {[%clk 0:01:26]} Rxe3 {[%clk 0:00:04]} 30. fxe3
{[%clk 0:01:27]} Bd5 {[%clk 0:00:04]} 31. Rc7+ {[%clk 0:01:24]} Ka6
{[%clk 0:00:05]} 32. d7 {[%clk 0:01:10]} Rd8 {[%clk 0:00:07]} 33. Rb5
{[%clk 0:00:58]} Be4 {[%clk 0:00:04]} 34. Kf2 {[%clk 0:00:54]} e5
{[%clk 0:00:05]} 35. g4 {[%clk 0:00:51]} h5 {[%clk 0:00:04]} 36. gxh5
{[%clk 0:00:48]} Bf5 {[%clk 0:00:05]} 37. Rc6+ {[%clk 0:00:43]} Ka7
{[%clk 0:00:06]} 38. Rxa5+ {[%clk 0:00:38]} Kb7 {[%clk 0:00:07]} 39. Rd6
{[%clk 0:00:36]} Kc7 {[%clk 0:00:09]} 40. Rad5 {[%clk 0:00:35]} Bg4
{[%clk 0:00:06]} 41. a5 {[%clk 0:00:32]} Bxh5 {[%clk 0:00:07]} 42. a6
{[%clk 0:00:32]} Bf7 {[%clk 0:00:08]} 43. Rd2 {[%clk 0:00:32]} Bc4
{[%clk 0:00:05]} 44. a7 {[%clk 0:00:33]} Kb7 {[%clk 0:00:07]} 45. Rc2
{[%clk 0:00:26]} Ba6 {[%clk 0:00:04]} 46. Rc8 {[%clk 0:00:25]} 1-0

[Event "Blitz 2018"]
[Site "Saint-Petersburg"]
[Date "2018.12.29"]
[Round "5"]
[Board "58"]
[White "Kazhgaleyev Murtas (KAZ)"]
[Black "Usmanov Vasily (RUS)"]
[Result "1-0"]
[LiveChessVersion "1.4.8"]
[BlackElo "2459"]
[WhiteElo "2553"]

1. d4 {[%clk 0:03:02]} Nf6 {[%clk 0:03:03]} 2. c4 {[%clk 0:03:03]} e6
{[%clk 0:03:04]} 3. Nf3 {[%clk 0:03:04]} Bb4+ {[%clk 0:03:05]} 4. Nc3
{[%clk 0:03:04]} O-O {[%clk 0:03:04]} 5. Bg5 {[%clk 0:03:04]} h6 {[%clk 0:03:03]}
6. Bh4 {[%clk 0:03:05]} c6 {[%clk 0:02:49]} 7. Rc1 {[%clk 0:03:00]} d5
{[%clk 0:02:47]} 8. e3 {[%clk 0:02:59]} Nbd7 {[%clk 0:02:41]} 9. Bd3
{[%clk 0:02:59]} Be7 {[%clk 0:02:40]} 10. O-O {[%clk 0:02:58]} dxc4
{[%clk 0:02:41]} 11. Bxc4 {[%clk 0:02:58]} b5 {[%clk 0:02:42]} 12. Bd3
{[%clk 0:02:58]} Bb7 {[%clk 0:02:39]} 13. Qe2 {[%clk 0:02:58]} a6
{[%clk 0:02:23]} 14. a4 {[%clk 0:02:56]} b4 {[%clk 0:02:24]} 15. Ne4
{[%clk 0:02:47]} Qa5 {[%clk 0:01:40]} 16. Nfd2 {[%clk 0:02:35]} Nxe4
{[%clk 0:01:33]} 17. Bxe7 {[%clk 0:02:35]} Nxd2 {[%clk 0:01:34]} 18. Qxd2
{[%clk 0:02:35]} Rfe8 {[%clk 0:01:11]} 19. Bxb4 {[%clk 0:02:36]} Qxa4
{[%clk 0:01:05]} 20. b3 {[%clk 0:02:26]} Qxb3 {[%clk 0:00:53]} 21. Bc4
{[%clk 0:02:24]} Qa4 {[%clk 0:00:39]} 22. Ra1 {[%clk 0:02:27]} Qxa1
{[%clk 0:00:30]} 23. Rxa1 {[%clk 0:02:28]} Nb6 {[%clk 0:00:32]} 24. Bf1
{[%clk 0:02:26]} Nd5 {[%clk 0:00:32]} 25. Bc5 {[%clk 0:02:27]} a5
{[%clk 0:00:34]} 26. e4 {[%clk 0:02:25]} Nf6 {[%clk 0:00:33]} 27. f3
{[%clk 0:02:23]} a4 {[%clk 0:00:33]} 28. Qb4 {[%clk 0:02:24]} Ba6
{[%clk 0:00:29]} 29. Rxa4 {[%clk 0:02:21]} Bxf1 {[%clk 0:00:27]} 30. Rxa8
{[%clk 0:02:21]} Rxa8 {[%clk 0:00:28]} 31. Kxf1 {[%clk 0:02:22]} Ra2
{[%clk 0:00:29]} 32. Qc3 {[%clk 0:02:13]} Nh5 {[%clk 0:00:27]} 33. Bd6
{[%clk 0:02:14]} g5 {[%clk 0:00:26]} 34. Be5 {[%clk 0:02:11]} f6 {[%clk 0:00:24]}
35. Bd6 {[%clk 0:02:11]} Kg7 {[%clk 0:00:18]} 36. h3 {[%clk 0:02:09]} e5
{[%clk 0:00:18]} 37. dxe5 {[%clk 0:02:00]} Nf4 {[%clk 0:00:08]} 38. exf6+
{[%clk 0:01:57]} 1-0

[Event "Blitz 2018"]
[Site "Saint-Petersburg"]
[Date "2018.12.29"]
[Round "5"]
[Board "59"]
[White "Sakaev Konstantin (RUS)"]
[Black "Shubin Kirill (RUS)"]
[Result "1/2-1/2"]
[LiveChessVersion "1.4.8"]
[BlackElo "2398"]
[WhiteElo "2551"]

1. d4 {[%clk 0:03:03]} e6 {[%clk 0:03:04]} 2. c4 {[%clk 0:03:03]} Nf6
{[%clk 0:03:05]} 3. Nf3 {[%clk 0:03:04]} Bb4+ {[%clk 0:03:06]} 4. Nbd2
{[%clk 0:03:04]} O-O {[%clk 0:03:06]} 5. g3 {[%clk 0:03:05]} d5 {[%clk 0:03:03]}
6. Bg2 {[%clk 0:03:06]} b6 {[%clk 0:03:04]} 7. O-O {[%clk 0:03:04]} Bb7
{[%clk 0:03:06]} 8. cxd5 {[%clk 0:03:04]} exd5 {[%clk 0:03:03]} 9. Qb3
{[%clk 0:03:05]} Bd6 {[%clk 0:02:59]} 10. Nb1 {[%clk 0:03:05]} Re8
{[%clk 0:02:49]} 11. Nc3 {[%clk 0:03:06]} c6 {[%clk 0:02:44]} 12. Bf4
{[%clk 0:03:05]} Bxf4 {[%clk 0:02:31]} 13. gxf4 {[%clk 0:03:06]} Nbd7
{[%clk 0:02:32]} 14. e3 {[%clk 0:02:58]} Nf8 {[%clk 0:02:10]} 15. Rac1
{[%clk 0:02:57]} Ng6 {[%clk 0:01:58]} 16. Rfd1 {[%clk 0:02:38]} Qd6
{[%clk 0:01:46]} 17. Ne2 {[%clk 0:02:27]} Rac8 {[%clk 0:01:34]} 18. Ng3
{[%clk 0:02:17]} Rc7 {[%clk 0:01:18]} 19. Qa4 {[%clk 0:01:47]} a5
{[%clk 0:00:53]} 20. Qb3 {[%clk 0:01:39]} b5 {[%clk 0:00:50]} 21. Qc3
{[%clk 0:01:33]} a4 {[%clk 0:00:43]} 22. Qc5 {[%clk 0:01:31]} Qxc5
{[%clk 0:00:44]} 23. Rxc5 {[%clk 0:01:32]} Nd7 {[%clk 0:00:45]} 24. Rc2
{[%clk 0:01:31]} Nb6 {[%clk 0:00:33]} 25. Rdc1 {[%clk 0:01:29]} f6
{[%clk 0:00:26]} 26. Bf1 {[%clk 0:01:22]} Rd7 {[%clk 0:00:27]} 27. Ne1
{[%clk 0:01:10]} Rdd8 {[%clk 0:00:16]} 28. Nd3 {[%clk 0:01:11]} Nc4
{[%clk 0:00:13]} 29. b3 {[%clk 0:01:06]} axb3 {[%clk 0:00:11]} 30. axb3
{[%clk 0:01:07]} Nb6 {[%clk 0:00:11]} 31. Nc5 {[%clk 0:00:54]} Bc8
{[%clk 0:00:09]} 32. Ra2 {[%clk 0:00:52]} Ne7 {[%clk 0:00:07]} 33. Ra7
{[%clk 0:00:41]} g6 {[%clk 0:00:06]} 34. Bd3 {[%clk 0:00:35]} Kg7
{[%clk 0:00:04]} 35. Rca1 {[%clk 0:00:28]} h5 {[%clk 0:00:04]} 36. Rc7
{[%clk 0:00:23]} Kf8 {[%clk 0:00:03]} 37. Raa7 {[%clk 0:00:21]} h4
{[%clk 0:00:05]} 38. Nf1 {[%clk 0:00:15]} Bh3 {[%clk 0:00:05]} 39. Nd2
{[%clk 0:00:06]} Rc8 {[%clk 0:00:05]} 40. Bf1 {[%clk 0:00:04]} Rxc7
{[%clk 0:00:06]} 41. Rxc7 {[%clk 0:00:05]} Bxf1 {[%clk 0:00:06]} 42. Kxf1
{[%clk 0:00:06]} Ra8 {[%clk 0:00:07]} 43. Rb7 {[%clk 0:00:05]} Nbc8
{[%clk 0:00:08]} 44. Nf3 {[%clk 0:00:05]} Nd6 {[%clk 0:00:08]} 45. Rd7
{[%clk 0:00:05]} Ndf5 {[%clk 0:00:08]} 46. Kg2 {[%clk 0:00:04]} Ra2
{[%clk 0:00:08]} 47. Kf1 {[%clk 0:00:04]} Ra1+ {[%clk 0:00:09]} 48. Ne1
{[%clk 0:00:05]} h3 {[%clk 0:00:09]} 49. Rd8+ {[%clk 0:00:06]} Kg7
{[%clk 0:00:10]} 50. Rb8 {[%clk 0:00:06]} Nh4 {[%clk 0:00:08]} 51. Ke2
{[%clk 0:00:06]} Ra2+ {[%clk 0:00:10]} 52. Kf1 {[%clk 0:00:07]} Ra1
{[%clk 0:00:11]} 53. Ke2 {[%clk 0:00:09]} Ra2+ {[%clk 0:00:12]} 54. Kf1
{[%clk 0:00:09]} Ra1 {[%clk 0:00:13]} 1/2-1/2

[Event "Blitz 2018"]
[Site "Saint-Petersburg"]
[Date "2018.12.29"]
[Round "5"]
[Board "60"]
[White "Demidov Mikhail (RUS)"]
[Black "Teterev Vitaly (BLR)"]
[Result "1-0"]
[LiveChessVersion "1.4.8"]
[BlackElo "2397"]
[WhiteElo "2546"]

1. d4 {[%clk 0:03:03]} Nf6 2. Bg5 c5 {[%clk 0:03:03]} 3. d5 {[%clk 0:03:06]} Qb6
{[%clk 0:03:04]} 4. Nc3 {[%clk 0:03:07]} Qxb2 {[%clk 0:03:03]} 5. Bd2
{[%clk 0:03:09]} Qb6 {[%clk 0:03:04]} 6. e4 {[%clk 0:03:10]} e5 {[%clk 0:02:58]}
7. f4 {[%clk 0:03:05]} d6 {[%clk 0:02:58]} 8. Nf3 {[%clk 0:03:04]} Nbd7
{[%clk 0:02:54]} 9. Rb1 {[%clk 0:02:39]} Qc7 {[%clk 0:02:45]} 10. fxe5
{[%clk 0:02:35]} dxe5 {[%clk 0:02:44]} 11. Bb5 {[%clk 0:02:20]} Bd6
{[%clk 0:02:32]} 12. O-O {[%clk 0:02:14]} O-O {[%clk 0:02:33]} 13. Nh4
{[%clk 0:02:11]} Ne8 {[%clk 0:01:53]} 14. Nf5 {[%clk 0:02:10]} f6
{[%clk 0:01:47]} 15. Qg4 {[%clk 0:02:05]} a6 {[%clk 0:01:47]} 16. Be2
{[%clk 0:01:35]} c4 {[%clk 0:01:34]} 17. Rf3 {[%clk 0:01:15]} Nc5
{[%clk 0:01:34]} 18. Bxc4 {[%clk 0:01:04]} b5 {[%clk 0:01:21]} 19. Bd3
{[%clk 0:00:53]} b4 {[%clk 0:01:15]} 20. Ne2 {[%clk 0:00:13]} Nxd3
{[%clk 0:01:15]} 21. Rxd3 {[%clk 0:00:10]} Qxc2 {[%clk 0:01:13]} 22. Rbb3
{[%clk 0:00:12]} a5 {[%clk 0:00:40]} 23. Rg3 {[%clk 0:00:07]} Qxd2
{[%clk 0:00:31]} 24. h3 {[%clk 0:00:09]} Ba6 {[%clk 0:00:27]} 25. Nxg7
{[%clk 0:00:05]} Bxe2 {[%clk 0:00:20]} 26. Qe6+ {[%clk 0:00:06]} Kh8
{[%clk 0:00:19]} 27. Nxe8 {[%clk 0:00:06]} Bc5+ {[%clk 0:00:15]} 28. Kh2
{[%clk 0:00:07]} Qe1 {[%clk 0:00:15]} 29. Rg8+ {[%clk 0:00:08]} 1-0

[Event "Blitz 2018"]
[Site "Saint-Petersburg"]
[Date "2018.12.29"]
[Round "5"]
[Board "61"]
[White "Potapov Pavel (RUS)"]
[Black "Tissir Mohamed (MAR)"]
[Result "1-0"]
[LiveChessVersion "1.4.8"]
[BlackElo "2381"]
[WhiteElo "2542"]

1. e4 {[%clk 0:03:03]} c5 {[%clk 0:03:03]} 2. c3 {[%clk 0:03:04]} d5
{[%clk 0:03:03]} 3. exd5 {[%clk 0:03:05]} Qxd5 {[%clk 0:03:04]} 4. d4
{[%clk 0:03:06]} g6 {[%clk 0:03:05]} 5. Nf3 {[%clk 0:03:01]} Bg7 {[%clk 0:03:07]}
6. Na3 {[%clk 0:03:01]} Nf6 {[%clk 0:03:01]} 7. Nb5 {[%clk 0:02:54]} Na6
{[%clk 0:03:02]} 8. Be3 {[%clk 0:02:42]} cxd4 {[%clk 0:03:00]} 9. Qxd4
{[%clk 0:02:39]} Qh5 {[%clk 0:02:23]} 10. Nxa7 {[%clk 0:02:17]} O-O
{[%clk 0:02:21]} 11. Nxc8 {[%clk 0:02:16]} Rfxc8 {[%clk 0:02:20]} 12. Be2
{[%clk 0:01:56]} Ng4 {[%clk 0:02:21]} 13. Qe4 {[%clk 0:01:46]} Nc5
{[%clk 0:01:57]} 14. Bxc5 {[%clk 0:01:39]} Rxc5 {[%clk 0:01:58]} 15. h3
{[%clk 0:01:26]} Nf6 {[%clk 0:01:48]} 16. Qxb7 {[%clk 0:01:19]} Rca5
{[%clk 0:01:41]} 17. O-O {[%clk 0:01:16]} e6 {[%clk 0:01:35]} 18. Rfd1
{[%clk 0:01:14]} g5 {[%clk 0:01:20]} 19. Nd4 {[%clk 0:00:54]} g4 {[%clk 0:01:08]}
20. Rd3 {[%clk 0:00:55]} Rxa2 {[%clk 0:00:57]} 21. Qxa8+ {[%clk 0:00:56]} Rxa8
{[%clk 0:00:58]} 22. Rxa8+ {[%clk 0:00:57]} Bf8 {[%clk 0:00:59]} 23. hxg4
{[%clk 0:00:51]} Qe5 {[%clk 0:00:56]} 24. Ra1 {[%clk 0:00:25]} h6
{[%clk 0:00:56]} 25. Re3 {[%clk 0:00:23]} Qg5 {[%clk 0:00:53]} 26. Bf3
{[%clk 0:00:19]} Nd5 {[%clk 0:00:28]} 27. Bxd5 {[%clk 0:00:18]} Qxd5
{[%clk 0:00:29]} 28. b4 {[%clk 0:00:15]} Bd6 {[%clk 0:00:28]} 29. Rf3
{[%clk 0:00:12]} Qe5 {[%clk 0:00:29]} 30. g3 {[%clk 0:00:11]} Qe4
{[%clk 0:00:29]} 31. Ra7 {[%clk 0:00:07]} f5 {[%clk 0:00:08]} 32. gxf5 e5 33. Re3
{[%clk 0:00:04]} Qb1+ {[%clk 0:00:10]} 34. Kg2 {[%clk 0:00:06]} exd4
{[%clk 0:00:11]} 35. cxd4 {[%clk 0:00:05]} Qxf5 {[%clk 0:00:10]} 36. Re8+
{[%clk 0:00:04]} Bf8 {[%clk 0:00:11]} 37. Raa8 {[%clk 0:00:05]} Qd5+
{[%clk 0:00:11]} 38. Kh2 {[%clk 0:00:06]} Qxd4 {[%clk 0:00:06]} 39. Rxf8+ Kg7 40.
Rf4 {[%clk 0:00:07]} Qd5 {[%clk 0:00:07]} 41. Ra7+ {[%clk 0:00:08]} Kg6
{[%clk 0:00:09]} 42. Ra6+ {[%clk 0:00:08]} Kg7 {[%clk 0:00:10]} 43. Ra5
{[%clk 0:00:08]} 1-0